000
00322nam a22001337a 4500
008
170728b xxu||||| |||| 00| 0 eng d
020
_a
9780471611615
041
_a
eng
080
_a
004
100
_a
31
101
_a
SHKI
245
_a
COGNIZERS NEURAL NETWORKS AND MACHINES THAT THINK
_c
JOHNSON, R.C
942
_2
udc
_c
BK
999
_c
22132
_d
22132